Towers' International Op Amp Linear-IC selector (Record no. 66991)

000 -LEADER
fixed length control field 00421nam a22001577a 4500
003 - CONTROL NUMBER IDENTIFIER
control field NUST - PNEC
005 - DATE AND TIME OF LATEST TRANSACTION
control field 20170116181009.0
008 - FIXED-LENGTH DATA ELEMENTS--GENERAL INFORMATION
fixed length control field 150909b xxu||||| |||| 00| 0 eng d
040 ## - CATALOGING SOURCE
Transcribing agency LIBRARY
082 ## - DEWEY DECIMAL CLASSIFICATION NUMBER
Classification number 621.38173 TOW
100 ## - MAIN ENTRY--PERSONAL NAME
9 (RLIN) 7864
Personal name Towers, T. D.
245 ## - TITLE STATEMENT
Title Towers' International Op Amp Linear-IC selector
Statement of responsibility, etc. T. D Towers
260 ## - PUBLICATION, DISTRIBUTION, ETC.
Date of publication, distribution, etc. 1982
650 ## - SUBJECT ADDED ENTRY--TOPICAL TERM
9 (RLIN) 7988
Topical term or geographic name entry element Integrated circuits
General subdivision EL, EE
942 ## - ADDED ENTRY ELEMENTS (KOHA)
Source of classification or shelving scheme
Koha item type Book
Holdings
Withdrawn status Lost status Source of classification or shelving scheme Damaged status Not for loan Permanent Location Current Location Shelving location Date acquired Total Checkouts Full call number Barcode Date last seen Price effective from Koha item type
          Pakistan Navy Engineering College (PNEC) Pakistan Navy Engineering College (PNEC)       621.38173 TOW PNECLIB-022721 09/12/2015   Book
          Pakistan Navy Engineering College (PNEC) Pakistan Navy Engineering College (PNEC)       621.38173 TOW PNECLIB-021165 09/14/2015   Book
© 2023 Central Library, National University of Sciences and Technology. All Rights Reserved.